Riconosci il Pokémon - Quiz n°48 - Statistics

Statistiche generali
  • Questo quiz è stato fatto 5 volte
  • Il punteggio medio è 7 su 10
Statistiche sulle risposte
Indizio Risposta % Corretto
Tipo Acqua / Roccia
100%
Generazione Ottava
100%
Altezza 1,0 m; > 24,0 m (Gigamax)
60%
Sesso 50% ♂, 50% ♀
60%
Tasso di cattura 75 (17.5%)
60%
Peso 115,5 kg; ???,? kg (Gigamax)
60%
Stadio evoluzione Drednaw
60%
Pokémon Drednaw
60%
Abilità Ferromascella; Guscioscudo; Nuotovelox
60%
Tasso di allevamento Medio-Veloce
60%
Nessun quiz corrispondente trovato
Distribuzione punteggi
Percentuale di utenti per punteggio
Percentile per numero di risposta
I tuoi punteggi nel tempo
Non hai fatto questo quiz